000
00320nam a2200157Ia 4500
100
_a
Kanetkar/Yashavant P
942
_c
BK
366
_f
20
654
_a
C++
245
_a
Test Your C++ skills
260
_b
BPB
_a
New Delhi
_c
2002
082
_a
005.133/KAN
_b
KAN
300
_a
389
546
_a
ENGLISH
999
_c
17987
_d
17987